| Tag |
First Indicator |
Second Indicator |
Subfields |
| LEADER |
00000cam a2200000Ia 4500 |
| 001 |
in00001717708 |
| 005 |
20151024190332.0 |
| 008 |
021213s2002 pauab b 000 0 eng d |
| 035 |
|
|
|a (OCoLC)ocm51217829
|
| 040 |
|
|
|a UDI
|c UDI
|d TXA
|d UtOrBLW
|
| 049 |
|
|
|a TXAM
|
| 090 |
|
|
|a QL681
|b .B625 no.667
|
| 100 |
1 |
|
|a Snyder, Noel F. R.
|
| 245 |
1 |
0 |
|a Carolina parakeet :
|b conuropsis carolinensis /
|c Noel F.R. Snyder and Keith Russel.
|
| 264 |
|
1 |
|a Philadelphia, Pa. :
|b Birds of North America, Inc.,
|c [2002]
|
| 264 |
|
4 |
|c ©2002
|
| 300 |
|
|
|a 36 pages :
|b illustrations, map ;
|c 28 cm.
|
| 336 |
|
|
|a text
|b txt
|2 rdacontent
|
| 337 |
|
|
|a unmediated
|b n
|2 rdamedia
|
| 338 |
|
|
|a volume
|b nc
|2 rdacarrier
|
| 490 |
1 |
|
|a The Birds of North America ;
|v no. 667
|
| 500 |
|
|
|a Caption title.
|
| 500 |
|
|
|a "Order Psittaciformes, family Psittacidae."
|
| 500 |
|
|
|a "Published ... with support from the American Ornithologists' Union, Cornell Laboratory of Ornithology, and the Academy of Natural Sciences"--Colophon.
|
| 504 |
|
|
|a Includes bibliographical references (pages 31-33).
|
| 650 |
|
0 |
|a Carolina parakeet.
|
| 650 |
|
0 |
|a Parrots
|z North America.
|
| 650 |
|
0 |
|a Extinct birds
|z North America.
|
| 700 |
1 |
|
|a Russell, Keith.
|
| 710 |
2 |
|
|a American Ornithologists' Union.
|
| 710 |
2 |
|
|a Cornell University.
|b Laboratory of Ornithology.
|
| 710 |
2 |
|
|a Academy of Natural Sciences of Philadelphia.
|
| 830 |
|
0 |
|a Birds of North America ;
|v no. 667.
|
| 994 |
|
|
|a E0
|b TXA
|
| 948 |
|
|
|a cataloged
|b h
|c 2003/1/7
|d c
|e blrosas
|f 2:35:23 pm
|
| 999 |
|
|
|a MARS
|
| 999 |
f |
f |
|s eb608581-e151-3dec-b8f5-870c8fd78e33
|i b677cb3b-43b8-34d3-8cc2-2bd23a101002
|t 0
|
| 952 |
f |
f |
|p noncirc
|a Texas A&M University
|b College Station
|c Cushing Memorial Library & Archives
|d Cushing: Kincaid/North America (Remote Storage: 2-3 day retrieval)
|t 0
|e QL696.P7 S685 2002
|h Library of Congress classification
|i unmediated -- volume
|
| 952 |
f |
f |
|a Texas A&M University
|b College Station
|c Sterling C. Evans Library
|d Evans: Library Stacks
|t 0
|e QL681 .B625 no.667
|h Library of Congress classification
|
| 998 |
f |
f |
|a QL696.P7 S685 2002
|t 0
|l Cushing: Kincaid/North America (Remote Storage: 2-3 day retrieval)
|
| 998 |
f |
f |
|a QL681 .B625 no.667
|t 0
|l Evans: Library Stacks
|